Can you name the Harry Potter characters that die? Quiz Stats

 Plays Quiz not verified by Sporcle

Challenge
Share
Tweet
Embed
Score 0/67 Timer 15:00
0 Plays Today
What? Who? % Correct
This women had orange hair Lily Potter
88.1%
This person died protecting HarryJames Potter
85.1%
This girl haunts a bathroom Moaning Myrtle
69.8%
This teacher is a ghost Cuthbert Binns
64.9%
This person created the Sorcerer's StoneNicholas Flamel
63.9%
A werewolf whos wife is Tonks Remus Lupin
63.9%
Herry's Owl Hedwig
60.4%
Tom Riddle AKA Lord Voldemort
60.4%
Killed by Bellatrix (An elf) Dobby
58.9%
Harry's GodfatherSirius Black
57.9%
Add Fre+d Weasley Fred Weasley
57.4%
This person had 2 headsQuirinus Quirrell
56.9%
The Half Blood Prince Severus Snape
55%
Killed by Molly Weasley Bellatrix Lestrange
55%
A Snake Nagini
54%
Albus's motherKendra Dumbledore
53%
Albus's father Percival Dumbledore
50.5%
Has a weird eye Mad-Eye Moody
50.5%
Killed by his own silver hand Peter Pettigrew
49%
Is in HufflepuffCedric Diggory
47.5%
A Spider Aragog
46.5%
Voldemort's fatherTom Riddle Sr.
46%
Killed by Nagini (A Bagshot) Bathilda Bagshot
44.6%
Is married to a werewolf Nymphadora Lupin
44.1%
Barty Crouch Jr. killed him Barty Crouch
43.1%
Harry's biggest fan Colin Creevey
41.6%
Killed by Snape Albus Dumbledore
40.6%
Unknown death of a TonkTed Tonks
40.1%
Killed himself in a FiendfyreVincent Crabbe
39.1%
Died in an Orphanadge Merope Gaunt
36.6%
A WandmakerGregorovitch
36.1%
Was the Headmaster in 1940'sArmando Dippet
35.6%
Taught Muggle Studies Charity Burbage
34.7%
Suceeded Fudge Rufus Scrimgeour
34.7%
What? Who? % Correct
Died by Inferi Regulus Black
33.7%
Stole the Elder Wand from Gregovitch Gellert Grindelwald
33.7%
Susan Bone's motherAmelia Bones
33.2%
Owned a Cloak Ignotus Peverell
33.2%
Owned a Ressurection Stone Cadmus Peverell
32.2%
Owner of a Wand Antioch Peverell
31.7%
Killed by the Bloody Baron The Grey Lady
29.2%
Killed himself The Bloody Baron
27.2%
Married to Barty Crouch Mrs. Crouch
25.7%
A muggle who was killed by Voldemort Frank Bryce
24.8%
Has an elf named Hokey Hepzibah Smith
23.3%
Worked at the Ministry Bertha Jorkins
19.8%
Sold Ice-Cream Florean Fortescue
19.3%
Killed by Devil's SnareBroderick Bode
18.8%
Peter Pettigrew killed them with one curse12 muggles
17.3%
An AbbottMrs. Abbott
16.8%
Died by a Shack Igor Karkaroff
14.4%
Killed by Snatchers Dirk Cresswell
14.4%
Voldemort's grandfatherThomas Riddle
13.9%
Killed by Snatchers Gornuk
13.9%
A foxBinky
12.4%
Voldemort's motherMary Riddle
10.9%
Dolohov killed him Fabian Prewett
10.9%
Died July 1981 Edgar Bones
10.4%
Dolohov killed him Gideon Prewett
10.4%
A Death Eater Gibbon
9.4%
Was a member of the Order Emmeline Vance
8.9%
Travers killed her Marlene McKinnon
7.9%
Harry killed it Salazar Slytherin's Basilisk
6.9%
Killed by Voldemort Dorcas Meadowes
3.5%
Killed by Fenrir Greyback Montgomery
3.5%
Killed by a Blasting CurseBenjy Fenwick
3%
Albus's sisterAriana Dumbleodore
1.5%

You're not logged in!

Compare scores with friends on all Sporcle quizzes.
Join for Free
OR
Log In

You Might Also Like...

Show Comments

Extras

Created Jun 25, 2011ReportNominate
Tags:character, death

Top Quizzes Today


Score Distribution

Your Account Isn't Verified!

In order to create a playlist on Sporcle, you need to verify the email address you used during registration. Go to your Sporcle Settings to finish the process.

Report this User

Report this user for behavior that violates our Community Guidelines.

Details: